Statistics for Countries ranked by amount of mosques

Click here to take the quiz!

General Stats

  • This quiz has been taken 43 times
  • The average score is 13 of 16

Answer Stats

Number of MosquesAnswer% Correct
108,000Egypt
98%
98,000Saudi Arabia
98%
58,000Iran
95%
300,000India
93%
800,000Indonesia
93%
250,000Bangladesh
90%
120,000Pakistan
90%
82,000Turkey
90%
51,000Morocco
86%
16,000Algeria
79%
25,000Oman
74%
15,500UAE
71%
50,000Yemen
71%
11,500Tunisia
69%
27,500Nigeria
67%
14,000Mali
62%

Score Distribution

Percentile by Number Answered

Percent of People with Each Score

Your Score History

You have not taken this quiz